00821nam a22002057a 450000100060000000300080000600500170001400800410003103500190007204000350009104100080012608200250013410000240015924501510018326001160033430000370045050200830048765000120057070000330058280789BD-RjUL20230607125138.0221116s2004 bg a|||| m||| 00| 0 eng d a(BD-RjUL)80789 aBD-RjULbengcBD-RjULdBD-RjUL aeng 223a595.76bDAC 2004 aDas, Mrs. Rina Rani10aCytogenetical studies of some ladybird beetles (Coleoptera :bCoccinellidae) of Bangladesh /cby Mrs. Rina Rani Das ;6Supervisor : Md. Sohrab Ali aRajshahi :bIntegrated Pest Management Laboratory, Institute of Biological Sciences, Rajshahi University,c2004 avi, 219 leaves :bill, ;c29.cm. aThesis (Ph. D.) -- Institute of Biological Sciences, Rajshahi University, 2004 aBeetles aAli, Md. Sohrab, Supervisor